Lásko má : Cesta

Bibliographic Details
Corporate Author: Orchestr Dalibora Brázdu (Performer)
Other Authors: Hegerová, Hana, 1931-2021 (Singer)
Format: Audio
Language:Czech
PhysicalDescription:1 gramofónová platňa 18 cm
Published: Praha PANTON [1969]
Subjects:

MARC

LEADER 00000njm a2200000 4500
001 vtls012261557
003 SK-MaSNL
005 20260331212635.0
007 s m p a
008 240802t1969 xr g 000 0 cze
015 |a SNBJ1969 
028 1 1 |a 03 0212  |b PANTON 
028 2 1 |a PC 59/A C  |b PANTON 
028 2 1 |a PC 60/B A  |b PANTON 
040 |a SNK  |b slo  |c SNK  |e rda 
041 0 |a cze 
044 |a xr  |c CZ 
072 7 |a 78  |x Hudba  |2 konspekt 
080 |a (086.72)  |2 2011 
100 1 |a Hegerová, Hana,  |d 1931-2021  |4 sng  |9 111892 
245 1 0 |a Lásko má : Cesta  |c Zpívá Hana Hegerová ; Orchester diriguje Dalibor Brázda 
264 1 |a Praha  |b PANTON  |c [1969] 
264 4 |c Ⓟ1969 
300 |a 1 gramofónová platňa  |c 18 cm 
336 |a hraná hudba  |b prm  |2 rdacontent 
337 |a audio  |b s  |2 rdamedia 
338 |a audiodisk  |b sd  |2 rdacarrier 
500 |a Gramoplatňa má 4 skladby 
655 7 |a gramofónové platne  |2 SNKPH  |9 74608 
655 7 |a Gramophone records  |2 SNKPHeng  |9 286457 
710 2 |a Orchestr Dalibora Brázdu  |4 prf  |9 312855 
740 0 2 |a Cesta 
740 0 2 |a Láska 
740 0 2 |a Můj dík 
958 |a GP 
999 |c 1131540  |d 1133470 
952 |a SNK  |b SNK  |y PREZ  |7 0  |p 17A1422341  |o snk45-854  |i snk8838/81  |0 0  |1 0  |4 0  |d 2024-08-02  |l 0  |r 2026-02-24 19:04:57  |w 2026-02-24